00346nam a2200133Ia 4500003000400000005001700004008004100021040001800062082001800080100002200098245004900120260003400169300000900203OSt20200606120049.0190216s9999||||xx |||||||||||||| ||und|| cMESKC library a891.43bSHA/N aSharma, Ramvilas  0aNirala Ki Sahithya Sadana /cRamvilas Sharma bRajakamal Prakashan,aDelhi : a443p